000 00319pab a2200133 454500
008 180718b2000 xxu||||| |||| 00| 0 eng d
245 _aSPECIAL issue capturing globalization
260 _c2000
300 _ap.917-1080
362 _aDec
650 _aGlobalization
773 _aThird World Quarterly
909 _a47459
999 _c47459
_d47459